Mluvit, přesvědčovat, získat
Široké spektrum názorov na vstup do Európskej únie medzi obyvateľmi kandidujúcich krajín. Časový prehľad o vstupe kandidujúcich krajín do Európskej únie. Názory manažérov na dôsledky vstupu kandidujúcej krajiny do EU a na prijatie Euro.
Gespeichert in:
| 1. Verfasser: | |
|---|---|
| Format: | Buchkapitel |
| Sprache: | Tschechisch |
| Schlagworte: | |
| Tags: |
Keine Tags, Fügen Sie das erste Tag hinzu!
|
MARC
| LEADER | 00000naa a2200000 4500 | ||
|---|---|---|---|
| 001 | r043162 | ||
| 005 | 20231004065802.6 | ||
| 041 | 0 | |a cze | |
| 044 | |a CZ | ||
| 245 | 1 | 0 | |a Mluvit, přesvědčovat, získat |c Jan Stuchlík |
| 520 | |a Široké spektrum názorov na vstup do Európskej únie medzi obyvateľmi kandidujúcich krajín. Časový prehľad o vstupe kandidujúcich krajín do Európskej únie. Názory manažérov na dôsledky vstupu kandidujúcej krajiny do EU a na prijatie Euro. | ||
| 610 | 2 | 0 | |a Európska únia |
| 610 | 2 | 0 | |a SVE |
| 610 | 2 | 0 | |a únie menové |
| 610 | 2 | 0 | |a spolupráca hospodárska medzinárodná |
| 610 | 2 | 0 | |a euro |
| 100 | 1 | |a Stuchlík, Jan | |